The importance of being black ; an Asian looks at Africa /

Bibliographic Details
Main Author: Moraes, F. R. (Francis Robert)
Format: Book
Language:English
Published: New York : Macmillan, [1965]
Subjects:

MARC

Tag First Indicator Second Indicator Subfields
LEADER 00000cam a2200000 4500
001 in00000487510
005 20151013054003.0
008 720925s1965 nyua 00010 eng
010 |a  64015453  
035 |a (OCoLC)00413860 
035 |9 ACC1103AM 
040 |c WSU  |d TXA  |d UtOrBLW 
049 |a TXAM  |c [1414047] 
050 0 0 |a DT352  |b .M65 
100 1 |a Moraes, F. R.  |q (Francis Robert) 
245 1 4 |a The importance of being black ;  |b an Asian looks at Africa /  |c [by] Frank Moraes. 
264 1 |a New York :  |b Macmillan,  |c [1965] 
264 4 |c [©1965] 
300 |a 436 pages :  |b illustrations ;  |c 24 cm. 
336 |a text  |b txt  |2 rdacontent 
337 |a unmediated  |b n  |2 rdamedia 
338 |a volume  |b nc  |2 rdacarrier 
504 |a "Bibliography of Indian publications on Africa": pages 415-416. 
651 0 |a Africa, Sub-Saharan. 
651 0 |a South Africa. 
999 |a MARS 
999 f f |s 782fd656-d4c9-3408-8eda-8564b7ffb99d  |i e03affc0-86c3-3911-9a23-c75961707996  |t 0 
952 f f |p ric  |a Texas A&M University  |b Rellis Campus  |c Joint Library Facility  |d Remote Storage  |t 0  |e DT352 .M65  |h Library of Congress classification  |i unmediated -- volume  |m A14802091460 
998 f f |a DT352 .M65  |t 0  |l Remote Storage